| 000 | 00628nam a2200205Ia 4500 | ||
|---|---|---|---|
| 003 | IN-BaIIA | ||
| 008 | 211028s9999 xx 000 0 eng d | ||
| 020 | _a2-902776-47-0 | ||
| 040 | _cIIA Library | ||
| 080 |
_aGEN _bAUR |
||
| 100 |
_aAurobindo _923587 |
||
| 245 | 0 |
_aIndia's Rebirth _bout of the ruins of the west... _cAurobindo |
|
| 250 | _a2nd | ||
| 260 |
_aParis _bInstitute for Evolutionary Research _c1997 |
||
| 300 | _a271p | ||
| 650 |
_aAurobindo's - Speech _923588 |
||
| 650 |
_aAurobindo's - Talk _923589 |
||
| 650 |
_aAurobindo's - Writing _923590 |
||
| 942 | _cBK | ||
| 999 |
_c13451 _d13451 |
||